LEADER 00791nam0-22002891i-450- 001 990001844660403321 005 20021010 035 $a000184466 035 $aFED01000184466 035 $a(Aleph)000184466FED01 035 $a000184466 100 $a20021010d--------km-y0itay50------ba 101 0 $aita 200 1 $a<>teoria microganica della concimazione$fRenato Perotti. 210 $aRoma$cSocieta Editrice Sapientia$d1925. 215 $a196 p.$d27 cm 610 0 $aConcimazione 676 $a631.8 700 1$aPerotti,$bRenato$071759 801 0$aIT$bUNINA$gRICA$2UNIMARC 901 $aBK 912 $a990001844660403321 952 $a60 MISC. B 47/1$b$fFAGBC 959 $aFAGBC 996 $aTeoria microganica della concimazione$9414854 997 $aUNINA DB $aING01 LEADER 01106nam--2200397---450- 001 990003311160203316 005 20091006152634.0 010 $a978-2-253-06177-9 035 $a000331116 035 $aUSA01000331116 035 $a(ALEPH)000331116USA01 035 $a000331116 100 $a20090915d1991----km-y0itay50------ba 101 $afre 102 $aFR 105 $a||||||||001yy 200 1 $a<> Jardins de lumière$fAmin Maalouf 210 $aParis$cLattès$dcopyr. 1991 215 $a251 p.$d18 cm 225 2 $a<> Livre de Poche$v9516 410 0$12001$a<> Livre de Poche 454 1$12001 461 1$1001-------$12001 606 $aLetteratura maghrebina$xNarrativa 676 $a943.914 700 1$aMAALOUF,$bAmin$0243958 801 0$aIT$bsalbc$gISBD 912 $a990003311160203316 951 $aII.10.A.20$b9338 DSLL 959 $aBK 969 $aDSLL 979 $aDSLL$b90$c20090915$lUSA01$h1243 979 $aDSLL$b90$c20091005$lUSA01$h1333 979 $aDSLL$b90$c20091006$lUSA01$h1526 996 $aJardins de lumière$91122151 997 $aUNISA